| 000 | 02053nam a2200265 i 4500 | ||
|---|---|---|---|
| 001 | 000004322 | ||
| 003 | DO-SdBNP | ||
| 005 | 20240417133449.0 | ||
| 007 | ta | ||
| 008 | 090721s2007 dr aa 001 0 spa d | ||
| 040 |
_aDO-SdBNP _bspa _cBNPHU _erda |
||
| 082 |
_a353.132 7 _bO65i _222 |
||
| 110 |
_aOrdenador Nacional para los Fondos Europeos del Desarrollo _955749 |
||
| 245 | 0 | _aInforme 2005/06 / | |
| 264 |
_aSanto Domingo : _bOrdenador Nacional para los Fondos Europeos del Desarrollo, _c2007. |
||
| 300 |
_a201 paginas. : _bilustrado ; _c29 cm. |
||
| 336 |
_2rdacontent _atexto _btxt |
||
| 337 |
_2rdamedia _asin mediación _bn |
||
| 338 |
_2rdacarrier _avolumen _bnc |
||
| 505 | _aMensaje del presidente constitucional de la República Dominicana 7|Mensaje del ordenador nacional para los fondos europeos de desarrollo 9|Nacimiento de la ONFED 12|Cariforo 19|Proyectos sectoriales 27|SECTOR COOPERACIÓN REGIONAL E INTEGRACIÓN 35|ISPRI, programa de apoyo a la integración regional 39|El RPTF, la fuerza regional preparatoria de trabajo 55|SECTOR ECONÓMICO 61|PROEMPRESA, programa de apoyo a las pequeñas empresas Dominicanas 63|CDE, Centro para el Desarrollo de la Empresa trabaja por el fortalecimiento y aumento de la capacidad de las instituciones privadas 69|BEI. 77|Programa de apoyo institucional en el área de sistemas de manejo de las finanzas públicas y apoyo presupuestario 83|Programa de desarrollo del sector comercial y privado del Caribe 87|SECTOR SOCIAL 93|PROSISA, programa de formación del sistema de salud del la R.D 93|PRO-ETP, programa de apoyo al desarrollo de la educación técnico-profesional en la República Dominicana 111|PARME 125|PROBANANO 139|Proyecto de apoyo sectorial a la educación 147|PRIL 153|INICIATIVA SECTOR AGUA 171|SABAMAR 185|SYSMIN II 195|PAO-ONFED 203|Comportamiento de los recursos no reembolsables 1992-2006 211|Primer festival de festivales ACP 213 | ||
| 590 | _aInventariado, 2023 / DG | ||
| 650 | 0 |
_aPartidos políticos _zREPUBLICA DOMINICANA _93367 |
|
| 910 | _aDG | ||
| 942 |
_2ddc _cLBS1 |
||
| 999 |
_c53254 _d53254 |
||